| 000 | 00573nam a2200217Ia 4500 | ||
|---|---|---|---|
| 005 | 20251122100108.0 | ||
| 008 | 230125s9999 xx 000 0 und d | ||
| 020 | _a978-1-84604-636-0 | ||
| 041 | _aeng | ||
| 082 |
_a158.1 _bFRA |
||
| 100 |
_aFrankl V E _9215454 |
||
| 245 | _aYes To Life In Spite of Everything | ||
| 250 | _a1st Ed. | ||
| 260 |
_c2019 _bPenguin Random House _aUK |
||
| 300 |
_bHard Bound _a141p |
||
| 500 | _aPersonality Development | ||
| 650 |
_aPersonality Development _9213420 |
||
| 700 |
_aFrankl V E _9215454 |
||
| 906 | _b124.75 | ||
| 942 | _cBK | ||
| 999 |
_c96784 _d96784 |
||